[Event "Titled Tuesday intern op 6th Aug"]
[Site "Chess.com INT"]
[Date "2019.08.06"]
[Round "4"]
[White "Korchmar, Vasiliy"]
[Black "Vakhidov, Daler"]
[Result "1-0"]
[WhiteElo "2424"]
[BlackElo "2190"]
[PlyCount "89"]
[EventDate "2019.08.06"]
[EventType "swiss (blitz)"]
[EventRounds "10"]
[EventCountry "USA"]
[SourceTitle "EXT 2021"]
[Source "ChessBase"]
[SourceDate "2020.10.23"]
[SourceVersion "1"]
[SourceVersionDate "2020.10.23"]
[SourceQuality "1"]

1. d4 d6 2. Nf3 g6 3. Bg5 Bg7 4. Nbd2 Nd7 5. e4 h6 6. Bh4 g5 7. Bg3 Ngf6 8. c3 Nh5 9. Bd3 e6 10. Qe2 a6 11. 0-0-0 b5 12. e5 d5 13. h4 Nxg3 14. fxg3 g4 15. Nh2 h5 16. Rhf1 Qe7 17. Rf2 Kd8 18. Nhf1 c5 19. Ne3 Bb7 20. Rdf1 Rf8 21. Kb1 Rc8 22. Ka1 Bh6 23. Nc2 c4 24. Bh7 f5 25. Bxf5 exf5 26. Rxf5 Kc7 27. Ne3 Qe6 28. Rxh5 Rxf1+ 29. Ndxf1 Rf8 30. Qc2 Rf7 31. Nf5 Bf8 32. N1e3 Bc6 33. Rg5 b4 34. Rxg4 bxc3 35. Qxc3 Rxf5 36. Nxf5 Qxf5 37. Rf4 Qd3 38. Qxd3 cxd3 39. Kb1 Bh6 40. Rf7 d2 41. Kc2 Bb5 42. Kd1 Kd8 43. g4 Be3 44. g5 Bd3 45. Rf3 1-0

[Event "Titled Tuesday intern op 6th Aug"]
[Site "Chess.com INT"]
[Date "2019.08.06"]
[Round "3"]
[White "Vakhidov, Daler"]
[Black "Petrov, Marian"]
[Result "1-0"]
[WhiteElo "2190"]
[BlackElo "2449"]
[PlyCount "103"]
[EventDate "2019.08.06"]
[EventType "swiss (blitz)"]
[EventRounds "10"]
[EventCountry "USA"]
[SourceTitle "EXT 2021"]
[Source "ChessBase"]
[SourceDate "2020.10.23"]
[SourceVersion "1"]
[SourceVersionDate "2020.10.23"]
[SourceQuality "1"]

1. c4 g6 2. Nc3 Bg7 3. d4 c5 4. d5 Nf6 5. g3 0-0 6. Bg2 d6 7. Nf3 e5 8. 0-0 Nbd7 9. e4 Ne8 10. Ne1 f5 11. Nd3 Nef6 12. Qe2 fxe4 13. Nxe4 Nxe4 14. Bxe4 Nf6 15. Bg5 Bh3 16. Bg2 Bf5 17. f4 exf4 18. Nxf4 Qd7 19. Ne6 Rfe8 20. Rae1 Ng4 21. Kh1 Ne5 22. Rxf5 gxf5 23. Rf1 Qf7 24. Bh3 Rxe6 25. dxe6 Qxe6 26. Bxf5 Qe8 27. Be4 Kh8 28. b3 Rb8 29. a4 b6 30. Qg2 Qh5 31. Be7 Qh6 32. h4 Re8 33. Bg5 Qh5 34. Bd5 Rf8 35. Rxf8+ Bxf8 36. Qf2 Bg7 37. Qf5 Qe8 38. Kg2 Qf8 39. Qe6 h6 40. Be7 Qe8 41. Qxd6 Ng6 42. Bc6 Qxe7 43. Qxg6 Qe2+ 44. Kh3 Qf1+ 45. Bg2 Qf6 46. Qg4 Bf8 47. Be4 Bd6 48. Qd7 Qe7 49. Qf5 Qg7 50. Qc8+ Qf8 51. Qe6 Kg7 52. Qg6+ 1-0

[Event "Titled Tuesday intern op 2nd July"]
[Site "Chess.com INT"]
[Date "2019.07.02"]
[Round "8"]
[White "Di Berardino, Diego Rafael"]
[Black "Vakhidov, Daler"]
[Result "0-1"]
[WhiteElo "2551"]
[BlackElo "2190"]
[PlyCount "94"]
[EventDate "2019.07.02"]
[EventType "swiss (blitz)"]
[EventRounds "10"]
[EventCountry "USA"]
[SourceTitle "EXT 2021"]
[Source "ChessBase"]
[SourceDate "2020.10.23"]
[SourceVersion "1"]
[SourceVersionDate "2020.10.23"]
[SourceQuality "1"]

1. d4 Nf6 2. c4 g6 3. Nc3 d5 4. cxd5 Nxd5 5. e4 Nxc3 6. bxc3 Bg7 7. Be3 c5 8. Nf3 Qa5 9. Qd2 Nc6 10. Rb1 a6 11. Rc1 cxd4 12. cxd4 Qxd2+ 13. Kxd2 e6 14. Bc4 0-0 15. Ke2 Rd8 16. Rhd1 Bd7 17. d5 exd5 18. Bxd5 Be8 19. Bb6 Rdc8 20. h4 Nb4 21. Bxb7 Rxc1 22. Rxc1 Rb8 23. Rc8 Rxc8 24. Bxc8 Bb5+ 25. Kd2 Nxa2 26. Nd4 Bf1 27. g3 Nb4 28. Bc5 Nd3 29. Bb6 Nxf2 30. Ke1 Bh3 31. Bxh3 Nxh3 32. Kf1 g5 33. Kg2 Bxd4 34. Bxd4 g4 35. Bb6 Kg7 36. Kf1 Kf6 37. Ke2 Ke6 38. Kd3 h5 39. Kc4 Ke5 40. Kd3 Kd6 41. Kc4 Kc6 42. Bd4 Kd6 43. Kb4 Ke6 44. Ka5 f5 45. exf5+ Kxf5 46. Kxa6 Ke4 47. Bc5 Kf3 0-1